000 00687nam a2200253 i 4500
001 000034044
003 DO-SdBNP
005 20250424105458.0
007 ta
008 250424s1959 dr 000 0 spa d
040 _aDO-SdBNP
_bspa
_cBNPHU
_erda
082 4 _axxx
_bM671m
_222
100 1 _aMir, Pedro
_d1913-2000
_958752
_eautor
245 1 0 _aMomentos de esperanza /
_cPedro Mir
264 1 _aMéxico :
_bImpresora Mayo,,
_c1959
300 _a51 páginas ;
_c23 cm.
336 _2rdacontent
_atexto
_btxt
337 _2rdamedia
_asin mediación
_bn
338 _2rdacarrier
_avolumen
_bnc
490 _aOzama
590 _aInventariado, 2025/DG
910 _aDG
942 _2ddc
_cLBS1
999 _c58779
_d58779